Gazetteer of the Rawalpindi district, 1893-94. (Record no. 331702)

000 -LEADER
fixed length control field 00969cam a2200289 a 4500
001 - CONTROL NUMBER
control field 12518186
003 - CONTROL NUMBER IDENTIFIER
control field NUST
005 - DATE AND TIME OF LATEST TRANSACTION
control field 20171016115314.0
008 - FIXED-LENGTH DATA ELEMENTS--GENERAL INFORMATION
fixed length control field 010615s2001 pk d 000 0 eng
010 ## - LIBRARY OF CONGRESS CONTROL NUMBER
LC control number 2001300015
020 ## - INTERNATIONAL STANDARD BOOK NUMBER
International Standard Book Number 9693512197
025 ## - OVERSEAS ACQUISITION NUMBER
Overseas acquisition number P-E-2001300015; 07
035 ## - SYSTEM CONTROL NUMBER
System control number (DLC) 200130001
040 ## - CATALOGING SOURCE
Original cataloging agency DLC
Transcribing agency DLC
042 ## - AUTHENTICATION CODE
Authentication code lcode
043 ## - GEOGRAPHIC AREA CODE
Geographic area code a-pk---
050 00 - LIBRARY OF CONGRESS CALL NUMBER
Classification number DS485.R285
Item number G39 2001
082 ## - DEWEY DECIMAL CLASSIFICATION NUMBER
Classification number 954.9142
Author Mark GAZ
245 00 - TITLE STATEMENT
Title Gazetteer of the Rawalpindi district, 1893-94.
246 30 - VARYING FORM OF TITLE
Title proper/short title Rawalpindi district
260 ## - PUBLICATION, DISTRIBUTION, ETC.
Place of publication, distribution, etc. Lahore :
Name of publisher, distributor, etc. Sang-e-Meel Publications,
Date of publication, distribution, etc. 2001.
300 ## - PHYSICAL DESCRIPTION
Extent x, 268 p. ;
Dimensions 25 cm.
500 ## - GENERAL NOTE
General note Originally published: Lahore : The Civil and Military Gazette Press.
651 #0 - SUBJECT ADDED ENTRY--GEOGRAPHIC NAME
Geographic name Rawalpindi District (Pakistan)
Form subdivision Gazetteers.
9 (RLIN) 5471
906 ## - LOCAL DATA ELEMENT F, LDF (RLIN)
a 7
b cbc
c origode
d 2
e ncip
f 20
g y-gencatlg
942 ## - ADDED ENTRY ELEMENTS (KOHA)
Source of classification or shelving scheme
Koha item type Book
Holdings
Withdrawn status Lost status Source of classification or shelving scheme Damaged status Not for loan Collection code Permanent Location Current Location Shelving location Date acquired Total Checkouts Full call number Barcode Date last seen Copy number Price effective from Koha item type
            Central Library (CL) Central Library (CL) Book Cart 10/16/2017   954.9142 GAZ CL2850 10/16/2017 1 10/16/2017 Book
© 2023 Central Library, National University of Sciences and Technology. All Rights Reserved.